| 000 | 00686nam a22001937a 4500 | ||
|---|---|---|---|
| 005 | 20160428145342.0 | ||
| 010 | _a1516EN07 | ||
| 020 |
_a9788120350632 _c350.00 |
||
| 035 | _aB-610532-558 | ||
| 037 |
_bUBH/ Ven _aDPL |
||
| 100 | _aBiswal, Purna Chandra | ||
| 245 |
_aComplex analysis / _cby Purna Chandra Biswal |
||
| 260 |
_aDelhi _bPHI Learning _c2015 |
||
| 270 |
_aRimjhim House,111, Patparganj Industrial Estate, _b Delhi _e110092 |
||
| 300 |
_a271p. _c24cm(pbk) |
||
| 500 | _aIncludes index | ||
| 942 |
_2ddc _cEN _h515.9 _mBIS |
||
| 999 |
_c96066 _d96066 |
||